Optimum NPK Schedule for Dwarf Wheat Variety-R.R. 21 (Record no. 50398)

MARC details
000 -LEADER
fixed length control field 00427nam a22001697a 4500
003 - CONTROL NUMBER IDENTIFIER
control field OSt
008 - FIXED-LENGTH DATA ELEMENTS--GENERAL INFORMATION
fixed length control field 260504b |||||||| |||| 00| 0 eng d
082 ## - DEWEY DECIMAL CLASSIFICATION NUMBER
Classification number 633.11
Item number S480
100 ## - MAIN ENTRY--PERSONAL NAME
Personal name Singh, Dinesh Prasad
245 ## - TITLE STATEMENT
Title Optimum NPK Schedule for Dwarf Wheat Variety-R.R. 21
260 ## - PUBLICATION, DISTRIBUTION, ETC. (IMPRINT)
Place of publication, distribution, etc Dholi, Muzaffarpur
Name of publisher, distributor, etc RAU, TCA
Date of publication, distribution, etc 1974
300 ## - PHYSICAL DESCRIPTION
Extent 70P.
502 ## - DISSERTATION NOTE
Degree type Msc.
Year degree granted 1974
650 ## - SUBJECT ADDED ENTRY--TOPICAL TERM
Topical term or geographic name as entry element Agronomy
650 ## - SUBJECT ADDED ENTRY--TOPICAL TERM
Topical term or geographic name as entry element Msc.
942 ## - ADDED ENTRY ELEMENTS (KOHA)
Source of classification or shelving scheme
Koha item type Thesis

No items available.

Hosted, Implemented, Customized & Maintained by: BestBookBuddies

Powered by Koha